01015nam a2200241 a 450000100060000000300090000600800410001502000150005604000280007108200170009910000260011624500490014226000610019130000080025249000200026050501150028059000940039565000580048965000450054794200120059299900170060495201520062122463CO-ViMGA141112s2004 ck r 000 u spa d a9588205689 aCO-ViMGAbspacCO-ViMGA04a371.26 C373e1 aCerda Gutierrez, Hugo10aLa evaluación en la educación colombiana aBogotá : bUniversidad Cooperativa de Colombia, c2005 a134 aInvestigación aIntroducción 11 - - Tendencias mundiales de la evaluacion 19 - - La evaluacion de la educacon en colombia 31 aForma de adquisición : Donación - - Precio : 13.000 - - Fecha de adquisición : 200814aEDUCACIóN SUPERIOR - EVALUACIÓN - COLOMBIA93185114aEVALUACIóN EDUCATIVA - COLOMBIA931852 2ddccBK c30769d30769 00102ddc40708003aMEVIECARbMEVIECARd2015-12-04hVolumen. 1 | 11/jun/2009l0o371.26 C373e p22463r2015-12-04 00:00:00tEj. 1w2015-12-04yBK